| 000 | 01361nam a2200265Ia 4500 | ||
|---|---|---|---|
| 999 |
_c41968 _d41968 |
||
| 001 | 8652 | ||
| 003 | GE_BSU | ||
| 005 | 20240523113633.0 | ||
| 008 | 181216s2009||||ge |||||||||||||| ||geo|| | ||
| 020 | _a9789941141706 | ||
| 040 | _cGE_BSU | ||
| 041 | _ageo | ||
| 080 | _a51(075.4)+51(076.1) მ-15 | ||
| 245 |
_aმათემატიკა. ნაწ.1. (თეორია და ამოცანათა კრებული) : _bდამხმ. სახელმძღვ. უმაღლ. სასწ. შემსვლელთათვის / _cს. თოფურია, ვ. ხოჭოლავა, ნ. მაჭარაშვილი [და სხვ.] ; რედ. ს. თოფურია. |
||
| 250 | _aმე-5 გადამუშავებული გამოცემა | ||
| 264 |
_aთბილისი : _bტექნიკ. უნ-ტი, _c2009. |
||
| 300 |
_a20 სმ. ; _c 440 გვ. |
||
| 541 | _h15 ლ. | ||
| 653 | _aმათემატიკა | ||
| 653 | _aნაწ.1. (თეორია და ამოცანათა კრებული) | ||
| 700 |
_aთოფურია, ს. _eავტორი _922161 |
||
| 700 |
_aხოჭოლავა, ვ. _eავტორი _922162 |
||
| 700 |
_aმაჭარაშვილი, ნ. _eავტორი _91495 |
||
| 942 |
_cBK _2udc |
||